| 000 | 01280nam a2200289 c 4500 | ||
|---|---|---|---|
| 003 | BLK | ||
| 005 | 20180421000311.0 | ||
| 008 | 180411b bul|||||r ||||||| ||bul|| | ||
| 010 | _aKNG00193880000 | ||
| 040 | _aBLK | ||
| 041 |
_aBUL _cBUL |
||
| 080 |
_aХимия. Кристалография. Минералогия. Вж и 577.1; 66; 612.015; 631.41 _b54 _x(092) _z54(092) |
||
| 080 |
_aБългарски биохимик и общественик (1885-1936) _b929 Златаров, Асен Христов _x _z929 Златаров, Асен Христов |
||
| 100 | 1 |
_aМитовски, Здравко Стефанов _eпърви автор _9327550 |
|
| 139 |
_aМитовски, Здравко Стефанов _bЗ 70 |
||
| 245 | 1 | 0 |
_aМъдрост и красота _bЩрихи към духовния портр. на Асен Златаров _cЗдравко Стефанов Митовски. |
| 257 | _aBGR | ||
| 260 |
_аСофия _bСептември _c1985 |
||
| 300 |
_a184 с. _b16 л. : ил., портр., факс. _c22 см |
||
| 380 | _a5 | ||
| 500 | _a6 667 тир. | ||
| 852 | _aЦб 132620 | ||
| 856 | 4 |
_qpdf _u |
|
| 856 | 4 |
_qpdf _u |
|
| 942 |
_cKNG _n0 |
||
| 944 |
_aCR _c19.10.2016 _kЛюбка_Николова |
||
| 944 |
_aED _c19.10.2016 _kЛюбка_Николова |
||
| 999 |
_c184903 _d184903 |
||